00338 a2200121 4500003000500000005001700005040000900022082000800031245005100039260002000090650008300110651002300193Nust20170207154641.0 cNust a799 aLec on Media Management (Photograph 2005)cMCS aRawalpindibMCS aPictures of Lec on Media Management in MCS (Photograph 2005) (Soft Copy) CD-14 aSweet Memories-MCS